| 000 | 01000cam a2200325 a 4500 | ||
|---|---|---|---|
| 001 | 3994624 | ||
| 003 | OSt | ||
| 005 | 20170105101158.0 | ||
| 008 | 951019s1995 ii b b 000 0 eng | ||
| 010 | _a 95906290 | ||
| 020 | _a8174881425 | ||
| 025 | _aI-E-95906290 | ||
| 040 |
_aDLC _cDLC _dDLC |
||
| 042 | _alcode | ||
| 043 | _aa-ii--- | ||
| 050 | 0 | 0 |
_aHB2099 _b.R38 1995 |
| 100 | 0 |
_aRavinder Kaur, _d1970- |
|
| 245 | 1 | 0 |
_aUrban-rural relations : _ba geographical analysis / _cRavinder Kaur. |
| 250 | _a1st ed. | ||
| 260 |
_aNew Delhi : _bAnmol Publications, _c1995. |
||
| 300 |
_axiii, 139 p. : _bmaps ; _c23 cm. |
||
| 504 | _aIncludes bibliographical references (p. 133-139). | ||
| 520 | _aWith special reference to India. | ||
| 650 | 0 |
_aRural-urban migration _zIndia. |
|
| 650 | 0 |
_aCommuting _zIndia. |
|
| 650 | 0 |
_aRural-urban relations _zIndia. |
|
| 906 |
_a7 _bcbc _corigode _d3 _encip _f19 _gy-gencatlg |
||
| 942 |
_2ddc _cBK |
||
| 999 |
_c2650 _d2650 |
||